Akcie LR Crystal držať Príloha

Ekonomicko-finančná analýza podniku LR Crystal, a.s. Lednické Rovne. Základná charakteristika podniku. Produkcia, export, investície, zisk a počet zamestnancov. Základné ekonomické a finančné ukazovatele. Vývoj koeficienta likvidity. Odporúčanie pre investorov a akcionárov. Swot analýza.

Guardado en:
Detalles Bibliográficos
Autor principal: Kukučka, J.
Formato: Capítulo de libro
Lenguaje:eslovaco
Materias:
Etiquetas: Agregar Etiqueta
Sin Etiquetas, Sea el primero en etiquetar este registro!

MARC

LEADER 00000naa a2200000 4500
001 r027260
005 20251104124438.9
041 0 |a slo 
044 |a SK 
245 1 0 |a Akcie LR Crystal držať  |b Príloha  |c J. Kukučka 
520 |a Ekonomicko-finančná analýza podniku LR Crystal, a.s. Lednické Rovne. Základná charakteristika podniku. Produkcia, export, investície, zisk a počet zamestnancov. Základné ekonomické a finančné ukazovatele. Vývoj koeficienta likvidity. Odporúčanie pre investorov a akcionárov. Swot analýza. 
610 2 0 |a priemysel sklársky 
610 2 0 |a analýza finančná 
610 2 0 |a analýza ekonomická 
610 2 0 |a LR Crystal, a.s. Lednické Rovne 
610 2 0 |a ukazovatele finančné 
610 2 0 |a ukazovatele ekonomické 
610 2 0 |a výroba 
610 2 0 |a vývoz 
610 2 0 |a investície 
610 2 0 |a zamestnanci 
610 2 0 |a likvidita 
610 2 0 |a akcionári 
610 2 0 |a analýza swot 
100 1 |a Kukučka, J.